[Event "AUT-ch U16"]
[Site "Tschagguns"]
[Date "2006.04.09"]
[Round "2.10"]
[White "Schreiner, Peter"]
[Black "Hack, Thomas"]
[Result "1/2-1/2"]
[WhiteElo "1878"]
[BlackElo "1742"]
[PlyCount "55"]
[EventDate "2006.04.09"]
[EventType "swiss"]
[EventRounds "7"]
[EventCountry "AUT"]
[SourceTitle "EXT 2024"]
[Source "ChessBase"]
[SourceDate "2023.10.10"]
[SourceVersion "1"]
[SourceVersionDate "2023.10.10"]
[SourceQuality "1"]

1. e4 c6 2. d4 d5 3. Nc3 dxe4 4. Nxe4 Bf5 5. Ng3 Bg6 6. h4 h6 7. Nf3 Nd7 8. h5 Bh7 9. Bd3 Bxd3 10. Qxd3 e6 11. Bd2 Ngf6 12. 0-0-0 Bd6 13. Ne4 Nxe4 14. Qxe4 Nf6 15. Qd3 Qc7 16. c4 0-0-0 17. Qc2 Bf4 18. g3 Bxd2+ 19. Rxd2 Kb8 20. c5 Rd5 21. Ne5 Rhd8 22. Rh4 Ne8 23. Qe4 Nf6 24. Qf4 Kc8 25. g4 Nd7 26. Nd3 Nf6 27. Ne5 Nd7 28. Nd3 1/2-1/2

[Event "Vienna op-B 15th"]
[Site "Vienna"]
[Date "2006.??.??"]
[Round "9"]
[White "Hack, Thomas"]
[Black "Voet, Dirk Victor"]
[Result "1-0"]
[WhiteElo "2064"]
[BlackElo "1890"]
[PlyCount "77"]
[EventDate "2006.07.29"]
[EventType "swiss"]
[EventRounds "9"]
[EventCountry "AUT"]
[SourceTitle "CBM 113 Extra"]
[Source "ChessBase"]
[SourceDate "2006.09.14"]
[SourceVersion "1"]
[SourceVersionDate "2006.09.14"]
[SourceQuality "1"]

1. e4 g6 2. d4 Bg7 3. Nc3 d6 4. Be3 Nd7 5. Qd2 a6 6. f3 b5 7. h4 h5 8. 0-0-0 Bb7 9. Nh3 Rc8 10. Nf2 c5 11. g4 Qa5 12. Kb1 c4 13. Ne2 Qc7 14. Bh3 Ngf6 15. g5 Ng8 16. Rhg1 e6 17. c3 Ne7 18. Ng3 a5 19. f4 b4 20. f5 exf5 21. exf5 bxc3 22. bxc3 gxf5 23. Bxf5 Bf3 24. Rde1 0-0 25. Be4 Bxe4+ 26. Nfxe4 Ng6 27. Ref1 Rb8+ 28. Ka1 a4 29. Nf6+ Kh8 30. Ngxh5 a3 31. Qg2 Rb2 32. Qg4 Qa5 33. Ne4 Nc5 34. Nhf6 Bxf6 35. Qh5+ Kg7 36. gxf6+ Kg8 37. Rxg6+ fxg6 38. Qxg6+ Kh8 39. Qg7# 1-0